000 00787nam a2200265Ia 4500
003 OSt
005 20221005040043.0
006 a|||||r|||| 00| 0
007 ta
008 221004b |||||||| |||| 00| 0 eng d
024 _a69370
037 _cTextual
040 _aCRL
_cCRL
_beng
041 _2eng
_aeng
082 _aX415:Z2qM90, J9
110 _aIndia, (Government of --). Law (Ministry of --)
_9365335
245 0 _aIndian railways act, 1890. (9 of 1958)
260 _aDelhi
_bMinistry of Law India
_c1959
490 _aAs modified up to the Ist Sept. 1959
650 _a ECONOMICS
650 _aRAILROADS
700 _aIndia, (Government of --). Law (Ministry of --)
_9365337
942 _hX415:Z2qM90, J9
_cTEXL
_2cc
999 _c946288
_d946288